Levi Strauss - král pevných kalhot

Stručná životopisná charakteristika Levi Straussa. Jeho obchodné začiatky a úspešné marketingové aktivity. Patent Levi Straussa a výroba džínsových nohavíc. Aktivity v obchodných a spoločenských organizáciách. Spoločnosť Levi Strauss & Co. a súčasnosť.

Salvato in:
Dettagli Bibliografici
Autore principale: Brož, Ivan
Natura: Capitolo di libro
Lingua:ceco
Soggetti:
Tags: Aggiungi Tag
Nessun Tag, puoi essere il primo ad aggiungerne!!

MARC

LEADER 00000naa$a2200000$$$4500
001 0001663
005 20240325075701.8
041 0 |a cze 
044 |a CZ 
245 1 0 |a Levi Strauss - král pevných kalhot  |c Ivan Brož 
520 |a Stručná životopisná charakteristika Levi Straussa. Jeho obchodné začiatky a úspešné marketingové aktivity. Patent Levi Straussa a výroba džínsových nohavíc. Aktivity v obchodných a spoločenských organizáciách. Spoločnosť Levi Strauss & Co. a súčasnosť. 
610 2 0 |a priemysel textilný 
610 2 0 |a bavlna 
610 2 0 |a manažéri 
610 2 0 |a životopisy 
610 2 0 |a stratégia marketingová 
610 2 0 |a Strauss, L. 
100 1 |a Brož, Ivan